000 00601nam a2200205 a 4500
005 20210219150534.0
008 991125s1991 mx 000 0 spa u
020 _a9684323166
035 _aUPN01000016121
049 _aCG
050 4 _aPA3951 E8
_bD5 1991
100 1 _aDemóstenes,
_d384-322
245 1 0 _aDiscursos /
_cDemóstenes ; estudio prel. de Francisco Montes de Oca
260 _aMéxico :
_bPorrúa,
_c1991
300 _axi, 181 p.
440 0 _aColección sepan cuantos;
_v280
650 4 _aLITERATURA GRIEGA (SELECCIONES, EXTRACTOS, ETC.)
904 _aAC
_b016122
905 _aLibro
999 _c16121
_d16121